000 00576nam a2200217Ia 4500
005 20250425160654.0
008 250425s9999 xx 000 0 und d
020 _a0195211162
041 _aeng
082 _a332.67309
110 _aROAD TO FINANCIAL INTEGRATION
245 0 _aPRIVATE CAPITAL FLOWS TO DEVELOPING COUNTRIES : THE ROAD TO FINANCIAL INTEGRATION
250 _aS.E.
260 _aEstados Unidos
_bTHE WORLD BANK
_c1997
260 _aWASHINGTON
300 _a406
650 _aFINANCIAMIENTO
650 _aINVERSIONES
942 _c01
010 _a1968
999 _c193835
_d193835